Shakespeare studies : an annual gathering of research, criticism and reviews VII

Gespeichert in:
Bibliographische Detailangaben
Format: Buch
Sprache:Undetermined
Veröffentlicht: Colombia University of South Carolina 1974
Schlagworte:
Tags: Tag hinzufügen
Keine Tags, Fügen Sie den ersten Tag hinzu!

MARC

LEADER 00000nam a2200000Ia 4500
008 170316s9999 xx 000 0 und d
040 |a cru BVZT 
090 |a C-820 S-3s 
245 |a Shakespeare studies : an annual gathering of research, criticism and reviews VII 
260 |a Colombia 
260 |b University of South Carolina 
260 |c 1974 
300 |a 518 páginas 
650 |a LITERATURA INGLESA 
650 |a CRÍTICA 
999 |c 12924  |d 12924 
942 |c 15 D  |h C-820 S-3s  |2 z